15 Category: 2 Out of 3 Ain't Bad Quiz Stats

 Plays Quiz Updated Aug 3, 2017

Support Sporcle.
Go Orange.
Score 0/15 Timer 03:00
0 Plays Today
Question Answer Wrong Answers
Literature: Which is not part of the Lord of The Rings trilogy? The Hobbit
81.4%
The Two Towers
5.9%
The Return of the King
8.9%
Geography: Which nation is not found on the island of Hispaniola? Dominica
78.5%
Haiti
11.6%
Dominican Republic
9.7%
Miscellaneous: Which is not a common name for a pancake? Waffle
76.6%
Griddlecake
8.8%
Hotcake
7.4%
History: Which of these countries did Ernest Hemingway not live in? Germany
74.3%
Cuba
14.7%
France
10.6%
Music: Which member of ZZ Top does not have a beard? Frank Beard
68.3%
Dusty Hill
15.7%
Billy Gibbons
12.4%
Theater: Which musical does not feature music by Andrew Lloyd Webber and lyrics by Tim Rice? Hair
65.6%
Joseph and the Amazing Technicolor Dreamcoat
15.4%
Jesus Christ Superstar
12.6%
Holiday: Which Holiday does not occur in the month of November? Thanksgiving in Canada
61%
Guy Fawkes Night
15.1%
All Saints' Day in the Roman Catholic, Lutheran and Anglican churches
18.1%
Gaming: Which is not a green property on the U.S. Standard Edition of Monopoly? Tennessee Avenue
57.4%
North Carolina Avenue
20.3%
Pennsylvania Avenue
19.3%
Religion: Which is not one of the 12 Greek Gods that resided on Mount Olympus? Hades
56.1%
Hera
13.3%
Poseidon
25.3%
Television: Which show focused on one character named Tanner rather than multiple members of a family named Tanner? Lucas Tanner
50.1%
Alf
29.2%
Full House
19.6%
Science: Which is not a Noble gas? Hydrogen
48%
Krypton
38.2%
Helium
8.9%
Language: Which country does not have Arabic as its official language? Iran
43.6%
Algeria
35.9%
Egypt
16.4%
Just For Fun: Which is not a Generation I Pokémon? Marill
43.6%
Paras
22.4%
Clefairy
27.1%
Movies: In which film was James Bond not portrayed by Timothy Dalton? A View to a Kill
42.9%
The Living Daylights
22.3%
Licence to Kill
30.2%
Sports: Which Baseball Hall of Famer is not named Henry Louis? Hank Greenberg
35.2%
Hank Aaron
21.3%
Lou Gehrig
41.4%

You're not logged in!

Compare scores with friends on all Sporcle quizzes.
OR
Log In
Forgot?

From the Vault

Switching Lanes: Movies

by PenguinsMeercats

Switching movies midway might lead to some confusion.
Remove Ads.
Support Sporcle.
Get the best of Sporcle when you Go Orange. This ad-free experience offers more features, more stats, and more fun while also helping to support Sporcle. Thank you for becoming a member.

Show Comments

Extras

Top Quizzes Today


Score Distribution

Your Account Isn't Verified!

In order to create a playlist on Sporcle, you need to verify the email address you used during registration. Go to your Sporcle Settings to finish the process.

Report this User

Report this user for behavior that violates our Community Guidelines.

Details: